Theory & research in Sociology / (Record no. 178379)

000 -LEADER
fixed length control field 01036 a2200181 4500
003 - CONTROL NUMBER IDENTIFIER
control field Nust
005 - DATE AND TIME OF LATEST TRANSACTION
control field 20221214123257.0
040 ## - CATALOGING SOURCE
Transcribing agency Nust
082 ## - DEWEY DECIMAL CLASSIFICATION NUMBER
Classification number 301.082,TAG
100 ## - MAIN ENTRY--PERSONAL NAME
Personal name Hameed Taga,Abdul Prof
9 (RLIN) 2434
245 ## - TITLE STATEMENT
Title Theory & research in Sociology /
Statement of responsibility, etc. Prof Abdul Hameed taga
260 ## - PUBLICATION, DISTRIBUTION, ETC.
Place of publication, distribution, etc. Lahore
Name of publisher, distributor, etc. imtiaz Book
Date of publication, distribution, etc. 2007
300 ## - PHYSICAL DESCRIPTION
Extent 200, p.;
505 ## - FORMATTED CONTENTS NOTE
Formatted contents note Social Throught and Sociological Theory (Page-7), Imam Ghazali (Page-14), Allama Ibn-i-Khaldoon (Page-24), shah Wali Ullah (PAge-31), August Comte (Page-39), Emile Durkheim (PAge-47), Max Weber (Page-55), Research and its types (Page-64), The Scientific Method (Page-72), Application of the Scientific Method (Page-80), Theory and Research (Page-89), Techniques of data Collection (Page-147), Tools of Data Collection (Page-147), Tools of Data Collection (Page-159), Elementary Statistical Techniques (Page-166), Designs of Sociological Research (Page-195).
650 ## - SUBJECT ADDED ENTRY--TOPICAL TERM
Topical term or geographic name entry element Theory & research in Sociology
9 (RLIN) 2435
651 ## - SUBJECT ADDED ENTRY--GEOGRAPHIC NAME
General subdivision Sociology
9 (RLIN) 1199
942 ## - ADDED ENTRY ELEMENTS (KOHA)
Source of classification or shelving scheme
Koha item type Book
Call number prefix 301.082,TAG
Holdings
Withdrawn status Lost status Source of classification or shelving scheme Damaged status Not for loan Collection code Permanent Location Current Location Date acquired Total Checkouts Full call number Barcode Date last seen Price effective from Koha item type Shelving location Public note
            Military College of Signals (MCS) Military College of Signals (MCS) 12/12/2016   301.082 TAG MCS34403 12/08/2016 12/12/2016 Book    
            Military College of Signals (MCS) Military College of Signals (MCS) 12/12/2016   301.082,TAG MCS34404 12/08/2016 12/12/2016 Book General Stacks Almirah No.73, Shelf No.3
© 2023 Central Library, National University of Sciences and Technology. All Rights Reserved.